000 00489nmm a2200169Ia 4500
008 251105s9999||||xx |||||||||||||||||und||
020 _a9788476588277
041 _aspa
100 _aRoche Cárcel, Juan A. (Ed.)
245 0 _aEspacios y tiempos inciertos de la cultura
264 _a[Madrid, España] :
_bAnthropos,
_c2007
300 _a224 páginas
490 _aCuadernos A
650 _aCultural Studies
856 _uhttps://public.digitaliapublishing.com/a/15575
942 _cCF
999 _c85164
_d85164